Theory of crystal dislocations /

Bibliographic Details
Main Author: Cottrell, Alan, 1919-2012
Format: Book
Language:English
Published: New York : Gordon and Breach, [1964]
Series:Documents on modern physics.
Subjects:

MARC

Tag First Indicator Second Indicator Subfields
LEADER 00000cam a2200000 a 4500
001 in00000453045
005 20151012085615.0
008 730124s1964 nyu b 00110 eng d
010 |a  64019862  
035 |a (OCoLC)00545523 
035 |9 ABY3228AM 
040 |c WSU  |d TXA  |d UtOrBLW 
049 |a TXAM  |c [804944] 
090 |a QD945  |b .C63 
100 1 |a Cottrell, Alan,  |d 1919-2012. 
245 1 0 |a Theory of crystal dislocations /  |c A.H. Cottrell. 
264 1 |a New York :  |b Gordon and Breach,  |c [1964] 
264 4 |c ©1964 
300 |a 94 pages ;  |c 23 cm. 
336 |a text  |b txt  |2 rdacontent 
337 |a unmediated  |b n  |2 rdamedia 
338 |a volume  |b nc  |2 rdacarrier 
490 1 |a Documents on modern physics 
504 |a Includes bibliographical references and index. 
650 0 |a Dislocations in crystals. 
830 0 |a Documents on modern physics. 
999 |a MARS 
999 f f |s 3fe7f839-b466-3b04-b7dc-0589f7d11dcf  |i f8b9855f-5e63-3cc5-850a-ca1de4da9c6f  |t 0 
952 f f |p ric  |a Texas A&M University  |b Rellis Campus  |c Joint Library Facility  |d Remote Storage  |t 0  |e QD945 .C63  |h Library of Congress classification  |i unmediated -- volume  |m A14807872316 
998 f f |a QD945 .C63  |t 0  |l Remote Storage